Cartoonfiguren mit G - Statistiken

Allgemein
  • Dieses Quiz wurde 70 mal gespielt
  • Das Durchschnittsergebnis liegt bei 10 aus 16
Antwortstatistiken
Bildquiz Antwort % Korrekt
Garfield
100%
Goofy
100%
Grinch
97%
Gargamel
95%
Gru
73%
Inspector Gadget
71%
Groot
68%
Goku
63%
Green Lantern
62%
Grinsekatze
60%
Geppetto
54%
Gundel Gaukeley
46%
Gromit
40%
Grisu
29%
Gon Freecss
24%
Gaston
8%
Keine übereinstimmenden Quizze gefunden
Verteilung der Resultate
Anzahl Personen mit jedem Resultat
Perzentil nach korrekt beantworteten Fragen
Ihre Resultats-Entwicklung
Sie haben dieses Quiz noch nicht gespielt